Vereine von „One-Club Mens“ - Statistiken

Allgemein
  • Dieses Quiz wurde 112 mal gespielt
    74 seit der letzten Aktualisierung
  • Das Durchschnittsergebnis liegt bei 13 aus 15
Antwortstatistiken
Spieler Verein % Korrekt
Thomas Müller FC Bayern München
100%
Paolo Maldini AC Mailand
98%
Francesco Totti AS Rom
98%
Marcel Schmelzer Borussia Dortmund
98%
Carles Puyol FC Barcelona
98%
Jamie Carragher FC Liverpool
98%
Steven Gerrard FC Liverpool
98%
Ryan Giggs Manchester United
98%
Paul Scholes Manchester United
97%
Patrick Herrmann Borussia Mönchengladbach
90%
Fabian Klos Arminia Bielefeld
89%
Berti Vogts Borussia Mönchengladbach
81%
Tony Jantschke Borussia Mönchengladbach
79%
Tony Adams Arsenal London
56%
Tony Hibbert FC Everton
27%
Keine übereinstimmenden Quizze gefunden
Verteilung der Resultate
Anzahl Personen mit jedem Resultat
Perzentil nach korrekt beantworteten Fragen
Ihre Resultats-Entwicklung
Sie haben dieses Quiz seit der letzten Aktualisierung nicht gespielt